Statistical tables (Registro nro. 37)

Detalles MARC
000 -CABECERA
Campo de control 00938pam a2200277 a 4500
005 - FECHA Y HORA DE LA ULTIMA TRANSACCION
Campo de control 20191224041507.0
008 - ELEMENTOS DE LONGITUD FIJA—INFORMACION GENERAL
Campo de control 940328s1995 nyua 000 0 eng
020 ## - ISBN
ISBN 071672412X
040 ## - FUENTE DE CATALOGACIÓN
Agencia catalogadora original DLC
Agencia transcriptora DLC
Agencia Modificadora DLC
041 ## - IDIOMA
Código de idioma para texto/pista de sonido o título separado Inglés
044 ## - PAÍS DE PUBLICACIÓN
País de publicación Estados Unidos
082 00 - NUMERO DE CLASIFICACION DECIMAL DEWEY
Número de clasificación 519.5
Número del ítem R738s
100 1# - ASIENTO PRINCIPAL--NOMBRE PERSONAL
Nombre personal Rohlf, F. James,
Fechas asociadas con el nombre 1936-
245 10 - MENCION DE TITULO
Título Statistical tables
Mención de responsabilidad F. James Rohlf, Robert R. Sokal.
250 ## - MENCION DE EDICION
Mención de edición 3rd ed.
260 ## - PUBLICACION, DISTRIBUCION, ETC. (PIE DE IMPRENTA)
Lugar de publicación, distribución, etc. New York :
Nombre del editor, distribuidor, etc. Freeman,
Fecha de publicación, distribución, etc. c1995.
300 ## - DESCRIPCION FISICA
Extensión xiv, 199 p. :
Otros detalles físicos ill. ;
Dimensiones 24 cm.
500 ## - NOTA GENERAL
Nota general Collection of tables to accompany Biometry, 3rd ed.
650 #0 - ASIENTO SECUNDARIO DE MATERIA - TERMINO TEMATICO
Término temático o nombre geográfico como elemento de entrada Biometry
Subdivisión general Tables.
650 #0 - ASIENTO SECUNDARIO DE MATERIA - TERMINO TEMATICO
Término temático o nombre geográfico como elemento de entrada Mathematical statistics
Subdivisión general Tables.
700 1# - ASIENTO SECUNDARIO - NOMBRE PERSONAL
Nombre personal Sokal, Robert R.
700 1# - ASIENTO SECUNDARIO - NOMBRE PERSONAL
Nombre personal Sokal, Robert R.
Title of a work Biometry.
Version 3rd ed.
856 42 - LOCALIZACION Y ACCESO ELECTRONICOS
Especificación de los materiales Publisher description
Identificador Uniforme del Recurso http://www.loc.gov/catdir/enhancements/fy0912/94011121-d.html
906 ## - LOCAL DATA ELEMENT F, LDF (RLIN)
a 7
b cbc
c orignew
d 1
e ocip
f 19
g y-gencatlg
942 ## - ELEMENTOS ADICIONALES (KOHA)
Sistema de clasificación Dewey Decimal Classification
Tipo de ítem Libro
Existencias
Withdrawn status Lost status Sistema de Clasificación Damaged status No para préstamo Colección Fecha publicación (Año) Inventariado Ubicación Permanente Ubicación actual Fecha de adquisición Fuente de Valor Valor Total Checkouts Número topográfico Inventario / Código de Barras Date last seen Ejemplar Price effective from Forma de adquisición Tipo de material
    Dewey Decimal Classification     General 1995 Inventariado 2017 Bogotá Bogotá 21/09/2015 Instituto 39000.00   LB-519.5 R738s 000034 04/12/2012 Ej. 1 04/12/2012   Libro